Statistiques concernant Meilleur buteur de l'histoire de la coupe du monde

Cliquez ici pour prendre le quiz!

Statistiques générales

  • Ce quiz a été pris 119 fois
  • Le résultat moyen est 8 sur 29

Statistiques - réponses

HintRéponse% Correct
15 buts
Brésil
Ronaldo
95%
14 buts
Allemagne
G.Müller
89%
16 buts
Allemagne
M.Klose
89%
12 buts
Brésil
Pelé
85%
13 buts
France
J.Fontaine
80%
8 buts
Brésil
Rivaldo
46%
8 buts
Argentine
D.Maradona
44%
9 buts
Portugal
Eusébio
43%
9 buts
Espagne
D.Villa
39%
9 buts
Italie
R.Baggio
26%
10 buts
Argentine
G.Batistuta
23%
8 buts
Allemagne
R.Voller
19%
9 buts
Italie
P.Rossi
18%
11 buts
Allemagne
J.Klinsmann
17%
10 buts
Angleterre
G.Lineker
16%
9 buts
Brésil
Jairzinho
16%
9 buts
Italie
C.Vieri
11%
11 buts
Hongrie
S.Kocsis
10%
10 buts
Pologne
G.Lato
8%
10 buts
Pérou
T.Cubillas
7%
9 buts
Brésil
Vava
5%
10 buts
Allemagne
H.Rahn
4%
8 buts
Brésil
Léonidas
4%
10 buts
Allemagne
T.Mueller
4%
8 buts
Argentine
G.Stabile
3%
9 buts
Allemagne
U.Seeler
3%
9 buts
Brésil
Ademir
1%
8 buts
Uruguay
OO.Miguez
1%
9 buts
Allemagne
KH.Rummenigge
0%

Distribution des résultats

Percentile par nombre de réponses

% des personnes avec chaque résultat

Votre développement - résultats

Vous n’avez pas pris ce quiz